[Event "FRA-ch U14 Girls"]
[Site "Saint Paul Trois Chateaux"]
[Date "2013.05.06"]
[Round "9"]
[White "Beda, Salome"]
[Black "Schwindling, Marie"]
[Result "1-0"]
[WhiteElo "1639"]
[BlackElo "1518"]
[PlyCount "142"]
[EventDate "2013.04.28"]
[EventType "swiss"]
[EventRounds "9"]
[EventCountry "FRA"]
[SourceTitle "CBM 154 Extra"]
[Source "ChessBase"]
[SourceDate "2013.06.25"]
[SourceVersion "2"]
[SourceVersionDate "2013.06.25"]
[SourceQuality "1"]

1. e4 e6 2. d4 d5 3. e5 c5 4. c3 Qb6 5. Nf3 Bd7 6. a3 Bb5 7. b4 Bxf1 8. dxc5 Qc7 9. Kxf1 Nc6 10. Bf4 Nge7 11. Qe2 Ng6 12. Bg3 a5 13. Ra2 Be7 14. Kg1 h6 15. h4 0-0 16. h5 Nh8 17. Rb2 axb4 18. axb4 Ra1 19. Nd4 Nxd4 20. cxd4 b6 21. Qg4 bxc5 22. dxc5 Rb8 23. Qd4 Ra4 24. Qc3 Rb5 25. Na3 Rb7 26. Kh2 g6 27. hxg6 fxg6 28. Kg1 Kg7 29. Nc2 Nf7 30. Nd4 Nd8 31. Bh4 Bxh4 32. Rxh4 Qxe5 33. Nxe6+ Kf6 34. Qxe5+ Kxe5 35. Nxd8 Rd7 36. Nc6+ Ke6 37. Rxh6 Kf5 38. Rxg6 Ra1+ 39. Kh2 Rh7+ 40. Kg3 Kxg6 41. b5 Rb7 42. b6 Rc1 43. Ne5+ Kf6 44. c6 Rg7+ 45. Ng4+ Kf5 46. f3 Rxc6 47. b7 Rg8 48. b8Q Rxb8 49. Rxb8 d4 50. Rd8 Rc4 51. Nf2 Ke5 52. Nd3+ Kf5 53. f4 Ke4 54. Nf2+ Ke3 55. Re8+ Kd2 56. Kf3 Rc3+ 57. Ke4 Re3+ 58. Kxd4 Rxe8 59. Ne4+ Ke2 60. f5 Rf8 61. Ke5 Ke3 62. Nf6 Kf2 63. g4 Rf7 64. Ke6 Rg7 65. g5 Kf3 66. g6 Ra7 67. Ne8 Ra6+ 68. Nd6 Ra7 69. f6 Ra3 70. g7 Re3+ 71. Kf7 Rd3 1-0

[Event "FRA-ch U12 Girls"]
[Site "Montlucon"]
[Date "2011.04.18"]
[Round "2"]
[White "Tournebise, Nikita"]
[Black "Schwindling, Marie"]
[Result "1/2-1/2"]
[WhiteElo "1560"]
[BlackElo "1380"]
[PlyCount "35"]
[EventDate "2011.04.17"]
[EventType "swiss"]
[EventRounds "9"]
[EventCountry "FRA"]
[SourceTitle "CBM 142 Extra"]
[Source "ChessBase"]
[SourceDate "2011.06.27"]
[SourceVersion "1"]
[SourceVersionDate "2011.06.27"]
[SourceQuality "1"]

1. e4 e6 2. d4 d5 3. e5 c5 4. c3 Nc6 5. Nf3 Qb6 6. Be2 Nge7 7. Bf4 Qxb2 8. Bc1 Qxa1 9. Qc2 cxd4 10. Qb3 dxc3 11. 0-0 Na5 12. Qc2 Nec6 13. Bb5 Bd7 14. Bxc6 Nxc6 15. Nxc3 Nb4 16. Qd2 Bb5 17. Nxb5 Rc8 18. Ba3 1/2-1/2